| 000 | 00000nas 2200000za 4500 |
| 001 | 9.861303 |
| 003 | CaOODSP |
| 005 | 20221107160724 |
| 007 | cr ||||||||||| |
| 008 | 180829d20182018oncar p o f0 b0fre|d |
| 022 | |a2562-0088 |
| 040 | |aCaOODSP|bfre |
| 043 | |an-cn--- |
| 086 | 1 |aIu1-25/1F-PDF |
| 222 | 0|aSondage annuel d'ISDE. Sommaire|b(En ligne) |
| 245 | 00|aSondage annuel d'ISDE. |pSommaire |h[ressource électronique]. |
| 246 | 3 |aSondage annuel d'Innovation, sciences et développement économique Canada. |psommaire. |
| 260 | |aOttawa : |bInnovation, Sciences et Développement économique Canada, |c[2018]-[2018] |
| 310 | |aAnnuel |
| 362 | 1 |aParaît depuis: 2018; ne paraît plus après 2018. |
| 500 | |aPublié également en français sous le titre: ISED annual survey. Executive summary. |
| 530 | |aÉgalement publ. en version imprimée. |
| 692 | 07|2gccst|aSondage |
| 692 | 07|2gccst|aDéveloppement économique |
| 710 | 1 |aCanada. |bInnovation, sciences et développement économique Canada. |
| 775 | 08|tISED Canada annual survey. |w(CaOODSP)9.861295 |
| 776 | 0#|tSondage annuel d'ISDE. |w(CaOODSP)9.861308 |